Silnoproudá mikroelektronika - přednášky

Bibliographic Details
Main Author: Homola, Jaroslav (Author)
Format: Book
Language:Czech
PhysicalDescription:181 s. 4°
Published: Praha ČVUT 1988
Subjects:

MARC

LEADER 00000nam a2200000 a 4500
001 vtls001361138
003 SK-MaSNL
005 20260302034002.0
008 210928s1988 xr 0 cze
035 |a SNK000314710 
040 |a SNK  |b slo  |c SNK  |e AACR2 
041 0 |a cze 
044 |a CZ 
080 |a 621.3.022:621.37/39.049.77.022(075.8)  |2 1981 
245 1 |a Silnoproudá mikroelektronika - přednášky  |c autor: Jaroslav Homola ... [et al.] 
260 |a Praha  |b ČVUT  |c 1988 
300 |a 181 s.  |c 4° 
650 0 7 |a mikroelektronika silnoprúdová  |x učebnice vysokoškolské  |2 SNK  |9 684921 
700 1 |a Homola, Jaroslav  |4 aut  |9 684922 
958 |a RK 
958 |a OND 
999 |c 1064260  |d 1066190 
952 |t P60, <04>, [BOOK], {604}  |a SNK  |b SNK  |y VYP  |7 0  |o snkIB 60520  |i snkKIP 8163/88  |0 0  |1 0  |4 0  |d 1999-04-21  |l 0  |r 2005-01-02 00:00:00  |w 2026-02-24 
952 |t P60, <04>, [BOOK], {604}  |a SNK  |b SNK  |y VYP  |7 0  |o snkIB 60520 D1  |i snkKIP 8164/88  |0 0  |1 0  |4 0  |d 1999-04-21  |l 0  |r 2005-01-02 00:00:00  |w 2026-02-24